000 00808nam a2200229 a 4500
001 18831
003 BD-JhCC
005 20240321110828.0
008 240321b20182020b |||| ||a| 000 0 b d
020 _a9847012007457
035 _a(BD-JhCC)18831
040 _aBD-JhCC
_dBD-JhCC
041 _aben
082 _a891.444
_bMIL 2020
100 _a মিলন, ইমদাদুল হক
245 _aআধিভৌতিক /
_b ইমদাদুল হক মিলন
260 _aঢাকা:
_bকথাপ্রকাশ;
_c2020.
300 _a87 p. :
_c22 cm.
650 _aরহস্য, গোয়েন্দা, ভৌতিক, থ্রিলার ও অ্যাডভেঞ্চার > অতিপ্রাকৃত ও ভৌতিক
942 _2ddc
_cBK
999 _c13757
_d13757